AU LIBRARIES
Centralized Library System Across Seven Campuses

Operations Management in the Supply Chain : Decisions and Cases (Record no. 31862)

MARC details
000 -LEADER
fixed length control field 00417nam a2200145Ia 4500
008 - FIXED-LENGTH DATA ELEMENTS--GENERAL INFORMATION
fixed length control field 240111s9999 xx 000 0 und d
020 ## - INTERNATIONAL STANDARD BOOK NUMBER
ISBN 9780077835439
082 ## - DEWEY DECIMAL CLASSIFICATION NUMBER
Classification number 658.5
Author Mark SCH-O
100 ## - MAIN ENTRY--AUTHOR
Author Name Schroeder, Roger G.
245 #0 - TITLE STATEMENT
Title Operations Management in the Supply Chain : Decisions and Cases
260 ## - PUBLICATION, DISTRIBUTION, ETC.
Name of publisher, distributor, etc. McGraw-Hill Education
Place of Publication Dubuque
Date of publication, distribution, etc. 2018
300 ## - PHYSICAL DESCRIPTION
Pages xxi, 501p,
650 ## - SUBJECT ADDED ENTRY--TOPICAL TERM
Subject / Department Management Science
942 ## - ADDED ENTRY ELEMENTS (KOHA)
Koha item type Book
Holdings
Withdrawn status Lost status Damaged status Not for loan Collection code Permanent Location Current Location Shelving Location Date acquired Source of acquisition Price Inventory number Total Checkouts Full Call Number Accession No./Barcode Date last seen Koha item type
          Air University Kharian Campus Library Air University Kharian Campus Library Management Science 01/06/2024 Progressive International Agency 3000.00 14230172   658.5 SCH-O AUKHP0101 01/11/2024 Book
Air University Sector E-9, Islamabad Pakistan
Email: librarian@au.edu.pk  Tel : +0092 51 9262612 Ext: 631